| 000 | 00768nam a22002057a 4500 | ||
|---|---|---|---|
| 005 | 20131029112727.0 | ||
| 010 | _aB-495308-327 | ||
| 020 |
_a9789350244494 _c275.00 |
||
| 035 | _aB-495308-327 | ||
| 037 |
_aHPH/Ven _bdpl |
||
| 082 | _a338.5024658 | ||
| 100 | _aBabu, P. Premchand | ||
| 245 |
_aManagerial economics and financial analysis : _cby P. Premchand Babu [and] M. Madana Mohan _bfor B.Tech students / |
||
| 260 |
_aMumbai _bHimalaya Publishing House _c2011 |
||
| 270 |
_aRamdoot Dr. Bhalerao Marg, Girgaon _bMumbai _e400004 |
||
| 300 |
_a475p. : _bill. _c24cm(pbk) |
||
| 700 | _aMohan, M. Madana | ||
| 942 |
_2ddc _cEN _mBAB _h338.5024658 |
||
| 999 |
_c79561 _d79561 |
||